000 00529nam a2200193 a 4500
001 2526361
005 20241104173426.0
008 940223s1994 ctu 001 0 eng
020 _a1561342335
050 0 0 _aBC71 / BC138
_b.W8 1994
082 0 0 _a160
_220
100 1 _aWu, Kathleen Johnson.
245 1 0 _aDiscovering formal logic /
_cKathleen Johnson Wu.
260 _aGuilford, Conn. :
_bDushkin Pub. Group,
_cc1994.
300 _axiv, 529 p. ;
_c24 cm.
500 _aIncludes index.
650 0 _aLogic.
942 _2lcc
_cBK
_n0
999 _c604
_d604